MDQL
is popping MORE tags! Check the
thread
!
Quizzes
Events
Quiz Creation
Community
Videos
Private Events
Remove Ads
Sign In
Join for FREE
Feedback
Dark Mode
Quiz Categories
Sports
Geography
Music
Movies
Television
Just For Fun
Miscellaneous
History
Literature
Language
Science
Gaming
Entertainment
Religion
Holiday
For Kids
Quiz Lab
Recent
Popular Today
Quiz Kudos Today
Editor Picks
Curator Picks
Quizzes by...
Day
Popularity
Type
Ratings
Length
Year
Community
Subscriptions
Recent Discussions
Orange Saloon
Badges
Playlists
Quests
Create
Leaderboards
Showdown
Live 5
Trivia Bingo
Activity
Puzzle Library
Sporcle Events
Private Events
Virtual Trivia
Globe League
Become a Host
Pub Owners
SporcleCon
Opinionation
Our Games
Videos
Blog
Mobile Apps
Partnerships
Remove Ads and Go Orange
Feedback
Sports
Athletes
MLB
NBA
NHL
NFL
Soccer
Sports Teams
WWE
NCAA
Football
Premier League
Basketball
Baseball
Hockey
Golf
Tennis
Cricket
Rugby
Auto Racing
Olympics
World Cup
Sports
Athletes
MLB
NBA
NHL
NFL
Soccer
Sports Teams
WWE
NCAA
Football
Premier League
Basketball
Baseball
Hockey
Golf
Tennis
Cricket
Rugby
Auto Racing
Olympics
World Cup
Random Quiz
Search Sporcle
×
Quiz Lab
Quiz Lab
Sports
MLB
Type in answers that appear in a list
Type in answers that appear in a list
Classic
Best Score? Go Orange.
Multiple Silver Slugger Outfielders Stats
Can You Name the Outfielders With 2 or More Silver Slugger Awards?
By
papabearfox
10m
47 Questions
76 Plays
76 Plays
76 Plays
Comments
Comments
Give Quiz Kudos
Give Quiz Kudos
-
- Ratings
hide this ad
Replay
Link that replays current quiz
Next Quiz
Link to next quiz in quiz playlist
You Got
0%
They Got
Avg Score
61%
Avg Friend Score
Upgrade to see
Score Distribution
Jump to the score distribution portion of the page
Score
0/47
Timer
10:00
0
Plays Today
Total # of Silver Slugger Awards
Player
% Correct
12
Barry Bonds
96.1%
8
Manny Ramirez
86.8%
7
Ken Griffey Jr.
86.8%
6
Juan Gonzalez
84.2%
5
Mike Trout
82.9%
2
Carlos Gonzalez
80.3%
6
Sammy Sosa
78.9%
7
Vladimir Guerrero
76.3%
2
Eric Davis
76.3%
7
Tony Gwynn
73.7%
4
Andre Dawson
71.1%
3
George Bell
71.1%
3
Larry Walker
71.1%
2
Carlos Beltran
69.7%
3
Jose Canseco
68.4%
5
Dave Winfield
67.1%
2
Jim Rice
67.1%
5
Albert Belle
65.8%
2
Darryl Strawberry
65.8%
6
Kirby Puckett
64.5%
4
Gary Sheffield
64.5%
3
Ricky Henderson
64.5%
5
Ryan Braun
63.2%
2
Torii Hunter
63.2%
Total # of Silver Slugger Awards
Player
% Correct
4
Matt Holliday
61.8%
2
Dwight Evans
61.8%
4
Dale Murphy
60.5%
2
Matt Kemp
60.5%
3
Ichiro Suzuki
59.2%
2
Garret Anderson
57.9%
3
Josh Hamilton
56.6%
2
Jose Cruz
53.9%
2
David Justice
53.9%
4
Andrew Mccutchen
51.3%
2
Joe Carter
51.3%
3
Magglio Ordonez
50%
2
Carlos Lee
48.7%
3
Jose Bautista
47.4%
2
Dave Parker
47.4%
2
Ellis Burks
46.1%
2
Moises Alou
44.7%
2
Bobby Bonilla
43.4%
2
Willie Wilson
43.4%
2
Andy Van Slyke
42.1%
2
Justin Upton
38.2%
2
Jay Bruce
35.5%
2
Dusty Baker
18.4%
Quiz Playlist
Details
Report
Send in Message
Add To Playlist
Classic:
Type in answers that appear in a list
Last Updated: Jun 13, 2017
Quiz Scoreboard
CHALLENGE
Sign Up to Join the Scoreboard
Show All
Scores
Hide
Comments
May contain spoilers
Recently Published
Find the 'City' Movie
by crazypaving
Movies
60s
5x2 Blitz: Bands
by SL_Kpop136
Music
30s
Colored Red Africa Blitz
by spor1
Geography
30s
More to Explore
Quiz From the Vault
Featured Blog Post
14 Easter Pick-up Lines to Find Eggs With
hide this ad
You Might Also Like...
Tags
Baseball Quiz
MLB Quiz
Award
Batting
multiple
Outfielder
Player
Silver
Silver Slugger
Slugger
total
Today's Top Quizzes in Sports
Browse Sports
hide this ad
Today's Top Quizzes in MLB
Browse MLB
Top Contributed Quizzes in Sports
1
Les entraîneurs de l'OM et du PSG au 21e siècle
2
Les meilleurs buteurs des matchs entre le PSG et l’OM
3
Les joueurs passés par le PSG et l'OM
4
Players with Multiple 50 Home Run Seasons
5
2022 World Cup Stars
6
Criteria MLB: Left Handed Sluggers
7
NBA Logic Puzzle 2.0
8
MLB Players with Two .350 Batting Average Seasons
9
Top 10 NHL Goal Scorers of All Time
10
Les joueurs passés par le LOSC et le RC Lens
Explore More
Trending Topics
Marvel
Anime
Harry Potter
Disney
Crossword
NBA
Kpop
NFL
Pokémon
Soccer
Country
Song
The Office
Puzzle
WWE
hide this ad
More By:
papabearfox
Quiz
Plays
Rating
Category
Featured
Created
Multiple Silver Slugger Outfielders
76
5.00
Sports
Jun 13, 2017
Go to Creator's Profile
Score Distribution
Quiz Creator Spotlight
papabearfox
Follow
Send a Message
Quizzes Created
-
Created Quiz Play Count
-
More By This Creator
Popular Quizzes Today
1
Colored Red Africa Blitz
2
Find the 'City' Movie
3
Find the US States - No Outlines Minefield
4
5x2 Blitz: Bands
5
The Countries of the World
6
Find the US States
7
Find the Countries of Europe - No Outlines Minefield
8
US States
More Sports Quizzes
NHL Team Leaders in Points by Season (2010s)
Quiz Lab
Trending Quizzes
Colored Red Europe Blitz I
Colored Red Africa Blitz II
Colored Red Europe Blitz II
Colored Red Europe Blitz III
Colored Red Africa Blitz III
Recently Updated
How Do You Spell That?
pecheneg
Godzilla Movies
pecheneg
Grab Bag: 4-10 Letters
pecheneg
2024 March Madness Bracket
pecheneg
Famous TV Couples
Peacemaker
Champions League XIs: Real Madrid
pecheneg
Largest US Cities 1790-2010
pecheneg
Rides in Walt Disney World
pecheneg
Most Oscar Losses (Acting)
pecheneg
Beyoncé Albums
pecheneg
Trending Topics
Crossword
Harry Potter
Disney
Anime
Kpop
Marvel
NBA
Pokémon
The Office
Song
Soccer
Puzzle
WWE
NFL
Country
Your Account Isn't Verified!
In order to create a playlist on Sporcle, you need to verify the email address you used during registration. Go to your
Sporcle Settings
to finish the process.
Report this User
Report this user for behavior that violates our
Community Guidelines
.
Details:
Send Report
Go to the Sporcle.com Mobile Site →
Comments